=LDR 00000nam 2200000 4500 =001 INLIS000000000004020 =005 20130612092317 =008 ***********************************Ind** =035 ##$$0010-061300000004020 =041 ##$$a Ind =082 ##$$a 808.066 6 =090 ##$$a 808.066 6, Lin p =100 ##$$a Lindsay, David =245 ##$$a Penuntun penulisan ilmiah6cDavid Lindsay; alih bahasa, Suminar Setiati Achmadi =260 ##$$a 1988 $b Jakarta =300 ##$$a xi, 101 hlm, 22 cm =650 ##$$a Teknik penulisan =700 ##$$a Akhmadi, Suminar Setiati =850 ##$$a NBPNMAT